PSU Sudden Death - Statistics

General Stats
  • This quiz has been taken 4 times
  • The average score is 2 of 10
Answers on the Grid
Answers color-coded by a green-red scale on the quiz's grid according to % correct below.
Guntecher can use S rank cards.
Phantom Ruins is started on Neudaiz.
The weapon "Mech Katar" is a machine gun.
Adaka Val is the blast badge of power.
Just Counter deals more damage than a Just Attack.
On PSU Clementine, Fortetechers have the lowest HP.
The level cap on official PSU servers was 200.
Confusion causes enemies to attack each other.
CASTs have higher ATA than Newmans.
Wartecher can use S-rank whips.
Rappy Igg and Rappy Gugg share the same stats.
'Raikaisobrac' is spelled correctly.
'Seventh Inning' is the Xbox 360 version of 'Panzer Faust'.
Humans can use the 'Wild Blast' extra style.
'Milias Frame' is spelled correctly.
The 'Shred the Darkness' event included "Roar of Flames'.
'1Up Platinum Cup' was the first official event released on JP servers.
'Frigid Challenge' contained Zasharogan.
On official servers, Goshin only had 2 elements.
On official JP servers, every lobby had at least 1 mission.
 
Answer Stats
Answer % Correct
Adaka Val is the blast badge of power.
67%
CASTs have higher ATA than Newmans.
33%
Humans can use the 'Wild Blast' extra style.
33%
Just Counter deals more damage than a Just Attack.
33%
Confusion causes enemies to attack each other.
0%
'Frigid Challenge' contained Zasharogan.
0%
Guntecher can use S rank cards.
0%
'Milias Frame' is spelled correctly.
0%
On official JP servers, every lobby had at least 1 mission.
0%
The 'Shred the Darkness' event included "Roar of Flames'.
0%
No matching quizzes found
Score Distribution
Percent of People with Each Score
Percentile by Number Answered
Your Score History
You have not taken this quiz